Le Chili pour les touristes... - Statistiques

Statistiques générales
  • Ce quiz a été pris 29 fois
  • Le résultat moyen est 13 sur 20
Statistiques - réponses
Question Indice Réponses % Correct
Quelle est la langue officielle ? Espagnol
100%
Combien d'heures (environ) mettrez-vous pour vous y rendre ? (en chiffres) 14
93%
La conduite se fait à droite ou à gauche ? Droite
93%
Le principal aéroport est S Santiago
93%
Avez-vous besoin d'un visa ? (oui/non) Non
89%
Dans la capitale quel est le décalage horaire avec Paris ? (+ ou - et chiffre) ex - 10 - 5
81%
La vitesse est limitée hors des villes à {120} km/h
78%
Le suffixe internet est cl
74%
Achats à faire 5/ Apéritif Pisco
74%
Comment se nomme la principale compagnie aérienne locale L LATAM
70%
Quelle est la monnaie ? Peso chilien
70%
Quelles sont les principaux lieux touristiques ? V Valparaiso
70%
Quelles sont les principaux lieux touristiques ? S P {San Pedro} de Atacama
59%
Achats à faire 2/ Tissus en Laine
56%
La religion majoritaire est Catholicisme
44%
Achats à faire 4/ Produit du raison Vin
41%
Achats à faire 3/ Condiment Merken
30%
Achats à faire 1/ Pierre Lapis Lazuli
22%
Quels sont les climats locaux ? D, T & P {Désertique}, {Tempéré} & {Polaire}
15%
Quelles sont les principaux lieux touristiques ? L Parc national {Lauca}
15%
Aucun quiz correspondant
Distribution des résultats
% des personnes avec chaque résultat
Percentile par nombre de réponses
Votre historique - résultats
Vous n’avez pas pris ce quiz